Governance, coordination and distribution along commodity value chains : Rome, 4-5 April 2006

שמור ב:
מידע ביבליוגרפי
פורמט: ספר
שפה:Undetermined
יצא לאור: Rome, Ytaly Food and agriculture organization of the United Nations 2007
נושאים:
תגים: הוספת תג
אין תגיות, היה/י הראשונ/ה לתייג את הרשומה!
Thư viện lưu trữ: Trung tâm Học liệu Trường Đại học Cần Thơ
LEADER 00604nam a2200181Ia 4500
001 CTU_169325
008 210402s9999 xx 000 0 und d
082 |a 338.181 
082 |b G721 
245 0 |a Governance, coordination and distribution along commodity value chains : 
245 0 |b Rome, 4-5 April 2006 
260 |a Rome, Ytaly 
260 |b Food and agriculture organization of the United Nations 
260 |c 2007 
650 |a Agriculture,Nông nghiệp 
650 |x Economic aspects,Khía cạnh kinh tế 
904 |i QHieu 
980 |a Trung tâm Học liệu Trường Đại học Cần Thơ